Countries with Most Indians - Statistics

General Stats
  • This quiz has been taken 224 times
  • The average score is 9 of 16
Answer Stats
Hint Answer % Correct
By numbers 4,121,944 United States
98%
By numbers 1,451,862 United Kingdom
89%
By numbers 2,000,000 Pakistan
81%
By numbers 4,000,000 Nepal
73%
By numbers 3,500,000 United Arab Emirates
71%
By percentage 27.1% United Arab Emirates
71%
By numbers 4,100,000 Saudi Arabia
63%
By percentage 30.5% Qatar
59%
By numbers 2,108,600 Malaysia
56%
By numbers 1,300,000 South Africa
53%
By percentage 37.5% Fiji
41%
By percentage 62% Mauritius
36%
By percentage 60% Guyana
35%
By percentage 27.4% Suriname
31%
By percentage 35.4% Trinidad and Tobago
27%
By percentage 19.7% Saint Vincent and the Grenadines
9%
No matching quizzes found
Score Distribution
Percent of People with Each Score
Percentile by Number Answered
Your Score History
You have not taken this quiz